00000000nam 2200000za 4500
0019.622012
003CaOODSP
00520201022144418
007ta
008150406s1991||||xxc|||||     f|0| 0 fre d
020 |a1-55002-128-1
022 |a1188-2751
040 |aCaOODSP|bfre
043 |an-cn---
0861 |aZ1-1989/2-41-9F
1101 |aCanada.|bCommissions royales. |bCommission royale sur la réforme électorale et le financement des partis.
24510|aLes peuples autochtones et la réforme électorale au Canada / |cPréparé sous la direction de Robert A. Milen.
260 |aToronto et Montréal - Ontario : |bCommissions royales. |c©1991.
300 |a227p. : |bfigures, références, tableaux ; |c23 cm.
4901 |aCollection d'études|x1188-2751|v9
500 |aSommaire: Les autochtones et la réforme constitutionnelle et électorale.--Les circonscriptions autochtones au Canada: les leçons de la Nouvelle-Zélande.--Les peuples autochtones et la couverture médiatique des campagnes électorales dans le Nord.--La réforme électorale et la population autochtone du Canada: évaluation des circonscriptions autochtones.
563 |aCouverture souple
590 |a93-13|b1993-04-02
69107|aSystème électoral|2gcpds
69107|aÉlections|2gcpds
69107|aAutochtones|2gcpds
7201 |aMilen, Robert A.
7760#|tLes peuples autochtones et la réforme électorale au Canada / |w(CaOODSP)9.892763
830#0|aCollection d'études,|x1188-2751|v9|w(CaOODSP)9.513272